DTM Fahrer 2002 - Statistiken

Allgemein
  • Dieses Quiz wurde 5 mal gespielt
  • Das Durchschnittsergebnis liegt bei 9 aus 25
Antwortstatistiken
Team Nummer Marke Nation Fahrer % Korrekt
Vodafone AMG-Mercedes 1 Mercedes Deutschland Bernd Schneider
100%
Opel-Team Holzer 14 Opel Deutschland Timo Scheider
100%
Team ABT Sportsline 10 Audi Deutschland Christian Abt
80%
Team ABT 9 Audi Schweden Mattias Ekström
80%
Service 24h AMG-Mercedes 42 Mercedes Niederlande Christijan Albers
60%
Team ABT Sportsline 3 Audi Frankreich Laurent Aiello
60%
Warsteiner AMG-Mercedes 6 Mercedes Schweiz Marcel Fässler
60%
Opel-Team Phoenix 8 Opel Deutschland Joachim Winkelhock
40%
Opel-Team Phoenix 7 Opel Deutschland Marcel Reuter
40%
Team ABT Sportsline Junior 23 Audi Deutschland Martin Tomczyk
40%
Opel Euroteam 18 Opel Schweiz Alain Menu
20%
OASE AMG-Mercedes* 16 Mercedes Deutschland Bernd Mayländer
20%
Vodafone AMG-Mercedes 2 Mercedes Frankreich Jean Alesi
20%
Opel Euroteam* 43 Opel Finnland JJ Lehto
20%
Opel Euroteam* 31 Opel Venezuela Johnny Cecotto
20%
Team ABT 4 Audi Österreich Karl Wendlinger
20%
OASE AMG-Mercedes* 16 Mercedes Deutschland Marcel Tiemann
20%
Opel-Team Holzer 15 Opel Deutschland Michael Bartels
20%
CEB AMG-Mercedes 17 Mercedes Niederlande Patrick Huisman
20%
Original-Teile AMG-Mercedes 12 Mercedes Großbritannien Peter Dumbreck
20%
Service 24h AMG-Mercedes 24 Mercedes Deutschland Stefan Mücke
20%
Opel Euroteam* 19 Opel Belgien Yves Olivier
20%
Opel Euroteam* 44 Opel Frankreich Eric Helary
0%
Original-Teile AMG-Mercedes 11 Mercedes Deutschland Thomas Jäger
0%
Warsteiner AMG-Mercedes 5 Mercedes Deutschland Uwe Alzen
0%
Keine übereinstimmenden Quizze gefunden
Verteilung der Resultate
Anzahl Personen mit jedem Resultat
Perzentil nach korrekt beantworteten Fragen
Ihre Resultats-Entwicklung
Sie haben dieses Quiz noch nicht gespielt